000 00728nam a22001697a 4500
999 _c60665
_d60665
005 20231004161017.0
008 231004s1976 gw ||||| |||| 00| 0 ger d
041 _ager
080 _a737 B-69
100 _aBodenstedt, Friedrich
_919996
245 _aPhokäisches Elektron-Geld von 600 - 326 v. Chr. :
_bStudien zur Bedeutung und zu den Wandlungen einer antiken Goldwährung /
_cFriedrich Bodenstedt
264 _aMainz,
_c1976.
300 _a170 p. :
_bill.
_c30 cm.
653 _aფოკეის ელექტრონული ფული
653 _aოქროს ვალუტის მნიშვნელობისა და ცვლილებების კვლევები
942 _2udc
_cBK